000 01088aab a2200193 i 4500
001 768714001
003 CO-MdFUSB
005 20241002062722.0
008 240411t1985 ag ||||| |||| 00| 0 spa d
040 _cCO-MdFUSB
041 _aspa
100 1 _aDeiros, Pablo A. (Alberto) (1945-)
_eautor
245 3 _aEl imperio y la misión
_c/ Pablo A. Deiros
300 _aVolumen 4, número 1 (marzo, 1985), páginas: 32 - 34
_c; 27 cm
520 _aNavegando por las páginas de la historia cristiana, es posible conocer estos acontecimientos históricos, que pueden ser valiosos. Un caso muy interesante es el de los cristianos persas en la Crónica de Arbil (o Arbela), que muestra interesantes datos sobre la expansión del cristianismo en el Imperio parto y posteriormente en el Imperio persa, y presenta algunas conclusiones misionológicas que ayudan a cumplir la actual tarea.
650 7 _aCristianismo
_xHistoria
_y0030-0600 (Iglesia primitiva)
_2
_9217
773 0 _tIglesia y Misión
_049402
_959687
_gVolumen 4, número 1 (marzo, 1985), páginas: 32 - 34
_qpágina: 32
942 _cANA
999 _c51566
_d51566